Responses for show #4147 - Tuesday, September 17, 2002

2002 Back to School Week game 2.

Contestants

Neal Freyman, a ten-year-old from Longmeadow, Massachusetts

Anissa Chitour, a ten-year-old from Princeton, New Jersey

Maxwell Baldi, a ten-year-old from Los Angeles, California

Jeopardy! Round responses

NATURE
NICKELODEON KID'S CHOICE AWARDS 2002
ACTIVITIES
BEASTLY EXPRESSIONS
READING & 'RITING
'RITHMETIC
    $200 11
hummingbirds

Maxwell
    $200 26
(Anissa: Who is Nelly?)

Pink

MaxwellAnissa
    $200 6
(Maxwell: What is golf?)

T-Ball

MaxwellNeal
    $200 1
a frog

Maxwell
    $200 14
"The Lion, the Witch & the Wardrobe"

Maxwell
    $200 19
25

Neal
    $400 12
elephant

Neal
    $400 27
Los Angeles Lakers

Neal
    $400 7
chess

Maxwell
    $400 2
duck

Maxwell
    $400 15
Professor Snape

Maxwell
    $400 20
304

Anissa
    $600 13
grasshopper

Anissa
    $600 28
(Anissa: What is "Rocket Power?")

The Simpsons

MaxwellAnissa
    $600 8
pizza

Anissa
    $600 3
broke the camel's back

Triple Stumper
    $600 16
"Tales of a Fourth Grade Nothing"

Neal
    $600 21
(Neal: What is 13?)

14

Neal
Triple Stumper
    $500 24
(Anissa: I don't know...I'm not sure.)

cactus

Anissa
    $800 29
[buzzer sounds to end the round]

Janet Jackson

Anissa
    $800 9
ballet

Anissa
    $800 4
tiger

Triple Stumper
    $800 17
(Neal: What are...[time]?)

"Animorphs"

AnissaNeal
    $800 22
(Anissa: What is 36?)
(Neal: What is...22?)

108

AnissaNeal
Triple Stumper
    $1000 25
a toucan

Neal
    $1000 10
the United Nations

Maxwell
    $1000 5
swan

Maxwell
    $1000 18
Hear My Cry

Neal
    $1000 23
(Alex: Minute to go.)

.075

Triple Stumper

Scores at the first commercial break (after clue 15):

Maxwell Anissa Neal
$3,600 $2,000 $600

Scores at the end of the Jeopardy! Round:

Maxwell Anissa Neal
$4,400 $1,900 $1,600

Double Jeopardy! Round responses

OH JOY! IT'S OPERA!
MOVIE STARS SPEAK
I MYTH YOU
(Alex: All about mythology.)
COMMON BONDS
AMERICAN HISTORY
THE DREADED SPELLING CATEGORY
(Alex: In which you have to spell a word.)
    $400 18
the Red Sea

Neal
    $400 21
(Alex: Minute to go now.)

Elijah Wood

Triple Stumper
    $400 5
Pluto

Anissa
    $400 12
parts of an egg

Neal
    $400 1
silver dollar

Triple Stumper
    $400 3
(Alex: I'll have to caution you to phrase it in the form of a question, but I'm in a nice mood today!)

C-O-N-F-I-D-E-N-C-E

Neal
    $800 19
St. Francis of Assisi

Triple Stumper
    $800 22
Will Smith

Triple Stumper
    $800 7
horse

Neal
    $800 13
types of pianos

Neal
    $800 2
tea

Anissa
    $800 6
(Anissa: C-U-R-I-O-U-S-T-Y?)
(Alex: Remember to phrase it in the form of a question!)
(Neal: What is C-O-U-R-I-S-T-Y?)

C-U-R-I-O-S-I-T-Y

AnissaNeal
Triple Stumper
    $500 23
Hans Christian Andersen

Anissa
    $1200 25
(Anissa: Who is Mike Myers?)
....
[buzzer sounds to end the round]

Eddie Murphy

AnissaNeal
    $1200 10
the Phoenix

Anissa
    $1200 14
(Anissa: What are flakes?)
(Neal: What are coral?)

things that are Great

AnissaNeal
Triple Stumper
    $1200 4
the Panama Canal

Maxwell
    $1200 20
A-C-C-O-M-P-L-I-S-H-M-E-N-T

Anissa
    $1600 24
(Anissa: What are Burgesses?)

Usher

Anissa
Triple Stumper
    $1600 11
Mercury

Anissa
    $1600 15
things with diamonds

Triple Stumper
    $1600 8
Manila Bay

Maxwell
    $2000 17
Pandora

Anissa
    $2000 16
cups

Neal
    $2000 9
(Anissa: What is Plymouth?)

Maryland

AnissaNeal

Scores at the end of the Double Jeopardy! Round:

Maxwell Anissa Neal
$7,200 $2,800 $7,600

[wagering suggestions for these scores]

Final Jeopardy! Round responses

STATE FACTS
[Maxwell jumps up and down & screams.]
(Alex: Our youngest competitor... don't fall off the box!)
AnissaWhat is Utah?
$2,800
MaxwellWhat New York
$3,000
NealWhat is Texas?
$6,900
Hawaii

Final scores:

Maxwell Anissa Neal
$4,200 $0 $700
Winner: $10,000 minimum + a Northstar Portable PC 3rd place: $1,000 + a Northstar Portable PC 2nd place: $2,000 + a Northstar Portable PC

Game dynamics:

Coryat scores:

Maxwell Anissa Neal
$7,200 $4,000 $7,600
12 R,
1 W
13 R
(including 1 DD),
9 W
(including 1 DD)
15 R,
5 W

Combined Coryat: $18,800

The J! Archive is created by fans, for fans. The Jeopardy! game show and all elements thereof, including but not limited to copyright and trademark thereto, are the property of Jeopardy Productions, Inc. and are protected under law. This website is not affiliated with, sponsored by, or operated by Jeopardy Productions, Inc. Join the discussion at JBoard.tv.